000 002800000a22000970004500
100 1 _aHesselgrave, David J.
245 1 0 _aFrontier ferment in the local church
300 _aVol. 1, Núm 3 (1984), Páginas 203-213
773 0 _tInternational Journal of Frontier Misions
942 _cANA
999 _c55155
_d55155